|
|
|
|
| LEADER |
01601cas a2200241 a 4500 |
| 001 |
AALejournalIMF005262 |
| 008 |
230101c9999 xx r poo 0 0eng d |
| 020 |
|
|
|c 5.00 USD
|
| 020 |
|
|
|z 9781451809497
|
| 022 |
|
|
|a 1934-7685
|
| 040 |
|
|
|a BD-DhAAL
|c BD-DhAAL
|
| 110 |
2 |
|
|a International Monetary Fund.
|
| 245 |
1 |
0 |
|a Cape Verde :
|b Growth and Poverty Reduction Strategy Paper II (2008-11) Joint Staff Advisory Note.
|
| 264 |
|
1 |
|a Washington, D.C. :
|b International Monetary Fund,
|c 2008.
|
| 300 |
|
|
|a 1 online resource (11 pages)
|
| 490 |
1 |
|
|a IMF Staff Country Reports
|
| 500 |
|
|
|a <strong>Off-Campus Access:</strong> No User ID or Password Required
|
| 500 |
|
|
|a <strong>On-Campus Access:</strong> No User ID or Password Required
|
| 506 |
|
|
|a Electronic access restricted to authorized BRAC University faculty, staff and students
|
| 520 |
3 |
|
|a This Joint Staff Advisory Note focuses on the Poverty Reduction Strategy Paper-II for Cape Verde. Important progress was made in poverty reduction, but rural poverty still remains high. The strategy reports that Cape Verde is on track to meet the Millennium Development Goal of halving extreme poverty by 2015. Despite progress made to date, the gap between urban and rural income growth is still wide; thus, efforts to raise rural incomes further and a more effective design of social inclusion programs are needed.
|
| 538 |
|
|
|a Mode of access: Internet
|
| 830 |
|
0 |
|a IMF Staff Country Reports; Country Report ;
|v No. 2008/244
|
| 856 |
4 |
0 |
|z Full text available on IMF
|u http://elibrary.imf.org/view/journals/002/2008/244/002.2008.issue-244-en.xml
|z IMF e-Library
|